[Event "ARM-ch 66th"]
[Site "Yerevan"]
[Date "2006.03.22"]
[Round "7"]
[White "Yegiazarian, Arsen"]
[Black "Asrian, Karen"]
[Result "0-1"]
[WhiteElo "2531"]
[BlackElo "2646"]
[Annotator "Ribli,Z"]
[PlyCount "68"]
[EventDate "2006.03.16"]
[EventType "tourn"]
[EventRounds "9"]
[EventCountry "ARM"]
[EventCategory "11"]
[SourceTitle "CBM 112"]
[Source "ChessBase"]
[SourceDate "2006.06.07"]
[SourceVersion "1"]
[SourceVersionDate "2006.06.07"]
[SourceQuality "1"]

1. d4 Nf6 2. c4 c5 3. Nf3 cxd4 4. Nxd4 e6 5. Nc3 Bb4 6. Qb3 {Eine
Nebenvariante, die weniger gefährlich für Schwarz ist. Nach meiner Meinung ist
6.g3 die chancenreichste Fortsetzung für Weiß.} Na6 7. Bd2 O-O 8. e3 b6 9. Be2
Bb7 10. O-O Be7 {[%csl Rb3][%cal Gb7g2,Ga6c5] Schwarz hat harmonische
Entwicklung und gesunde Stellung.} 11. Rfd1 Rc8 12. Rac1 d5 {[%mdl 4]} (12...
Nc5 13. Qc2 Qc7 (13... d5) 14. f3 Qb8 $6 15. b4 Na6 16. a3 $16 Bd6 17. f4 (17.
h3) 17... Qa8 18. Ncb5 Bb8 $5 (18... Be7) 19. Bf3 Bxf3 (19... Ne4 $5) 20. Nxf3
d5 21. Qa4 Qb7 22. cxd5 Nxd5 23. Nc3 $1 $16 {1-0 Pomar Salamanca,A-Jansson,B/
Skopje 1972/EXT 2000/(39)}) 13. a3 $6 {[%cal Gb3a2] Auf diese Weise schafft
Weiß Platz für die Dame auf a2, aber nun erhält Schwarz die Initiative.} (13.
cxd5 Nc5 14. Qc2 Nxd5 {Auch in diesem Fall hat Schwarz eine sehr bequeme
Stellung.}) 13... Nc5 14. Qa2 dxc4 15. Bxc4 Bd6 {[%cal Gb7h1,Gd6h2] Schwarz
verfügt über ein harmonisches Figurenspiel, während die weiße Dame weit
entfernt vom Königsflügel steht.} 16. Be1 (16. b4 Bxh2+ 17. Kxh2 Ng4+ 18. Kg1 (
18. Kg3 Qg5) 18... Qh4 19. Be1 {Das wäre nur Zugumstellung zur
Partiefortsetzung.}) {[#]} 16... Bxh2+ $1 {[%mdl 512] Ein starkes, aber
typisches Opfer, wonach Schwarz zeitweilig nur einen Bauern für die Figur
erhält, aber nachhaltigen Angriff bekommt.} 17. Kxh2 Ng4+ 18. Kg1 (18. Kg3 Nxe3
$1 (18... Qg5) 19. fxe3 Qg5+ $19) 18... Qh4 {[%csl Gb7,Rg1,Gg4,Gh4][%cal Rh4h2,
Rh2g1]} 19. b4 Qh2+ 20. Kf1 Qxg2+ 21. Ke2 Nd7 {[%cal Gd7e5] Schwarz hat nur
zwei Bauern für die Figur, aber sehr starken Angriff; der weiße König steht
angreifbar in der Mitte.} 22. Kd2 (22. Bb3 Nde5 $19) 22... Nxf2 (22... Nde5 $17
) 23. Bxf2 Qxf2+ 24. Be2 Ne5 {[%csl Rd2][%cal Re5c4,Rc4d2,Rc4e3] Jetzt hat
Schwarz drei Bauern für die Figur und er kann seinen Angriff fortsetzen.} 25.
Rf1 Qh2 (25... Nc4+ $2 26. Qxc4) 26. Ncb5 Bd5 {[%csl Yc4][%cal Rd5a2,Re5c4,
Rc4d2]} 27. Qb1 Nc4+ 28. Rxc4 Rxc4 $19 29. Nc3 Rxc3 $1 {Mit dieser kleiner
Kombination kann Schwarz die Stellung vereinfachen.} 30. Kxc3 e5 {[%csl Rc3,
Rd4,Re2]} 31. Nf5 Qxe2 32. Ne7+ Kh8 33. Rd1 (33. Nxd5 Rc8+ 34. Kb3 Qc4+ $19)
33... Qc4+ 34. Kd2 Bf3 {[%csl Rd1,Rd2][%cal Rf8d8,Rd8d1]} 0-1

[Event "Beijing"]
[Site "Beijing"]
[Date "1992.??.??"]
[Round "6"]
[White "Xie, Jun"]
[Black "Adianto, Utut"]
[Result "1-0"]
[WhiteElo "2480"]
[BlackElo "2475"]
[Annotator "Ribli,Z"]
[PlyCount "87"]
[EventDate "1992.??.??"]
[EventType "tourn"]
[EventRounds "9"]
[EventCountry "CHN"]
[EventCategory "10"]
[SourceTitle "CBM 033"]
[Source "ChessBase"]
[SourceDate "1993.04.01"]
[SourceVersion "1"]
[SourceVersionDate "1993.04.01"]
[SourceQuality "1"]

1. c4 Nf6 2. Nc3 c5 3. Nf3 e6 4. d4 cxd4 5. Nxd4 Bb4 6. Ndb5 d5 7. a3 $6 (7.
Bf4 $5 O-O 8. e3 Nc6 9. a3 Ba5 10. b4 a6 $13) (7. cxd5 exd5 8. Bg5 O-O 9. e3 a6
10. a3 Be7 11. Nd4 Nc6 12. Be2 h6 13. Bh4 Qb6 $13 {Murey,Y-Brodskij,M Helsinki
op 1992 CBM/32}) 7... Bxc3+ 8. Nxc3 d4 9. Na4 $5 (9. Na2 $2 O-O 10. e3 Nc6 11.
Be2 e5 12. O-O Bf5 13. exd4 Nxd4 14. Nc3 Bc2 15. Qd2 Rc8 16. Re1 Re8 17. Bd1
Bxd1 18. Qxd1 Rxc4 $19 {Ungureanu-Averbach Bucuresti 1971 11/41}) 9... O-O 10.
b4 e5 11. Bb2 Nc6 12. g3 Be6 13. Rc1 Bxc4 $6 (13... b6 $5 14. Bg2 Rc8 15. O-O
Qd7 $15) 14. Rxc4 Qd5 15. Rxc6 Qxc6 16. f3 (16. Rg1 a5 $1 $44) 16... Nd5 (16...
a5 $5) 17. e4 $1 dxe3 (17... Ne3 $5) 18. Bd3 Rfd8 19. Ke2 Nf6 20. Nc5 a5 21.
Qb3 axb4 22. axb4 Qd5 23. Qc2 b6 24. Ne4 Rac8 25. Qb1 Nxe4 26. fxe4 Qd6 27. b5
f5 (27... Qh6 $5) 28. Rd1 Qh6 29. Bxe5 Qe6 (29... Qxh2+ 30. Kxe3 Qh6+ 31. Bf4
Qe6 $44) 30. Bf4 fxe4 31. Bxe4 Rxd1 32. Kxd1 Rc3 33. Ke2 Rb3 34. Qc2 Rxb5 35.
Bxh7+ Kh8 36. Bd3 Rc5 37. Qb1 Qg4+ 38. Kxe3 g5 39. Qa1+ Kg8 40. Qa2+ Kg7 41.
Qb2+ Kf7 42. Qa2+ Kf6 43. Bd6 Rc6 44. Qa1+ 1-0

[Event "Terrassa"]
[Site "Terrassa"]
[Date "1990.??.??"]
[Round "2"]
[White "Nogueiras Santiago, Jesus"]
[Black "Bellon Lopez, Juan Manuel"]
[Result "1/2-1/2"]
[WhiteElo "2555"]
[BlackElo "2445"]
[Annotator "Ribli,Z"]
[PlyCount "35"]
[EventDate "1990.04.??"]
[EventType "tourn"]
[EventRounds "11"]
[EventCountry "ESP"]
[EventCategory "11"]
[SourceTitle "CBM 019"]
[Source "ChessBase"]
[SourceDate "1990.12.01"]
[SourceVersion "1"]
[SourceVersionDate "1990.12.01"]
[SourceQuality "1"]

1. d4 Nf6 2. c4 e6 3. g3 c5 4. Nf3 cxd4 5. Nxd4 Qc7 6. Nd2 Nc6 (6... b6 7. Bg2
Bb7 8. Nb5 Qc8 9. e4 a6 10. Nc3 d6 11. O-O Be7 12. b3 O-O 13. Bb2 Nbd7 14. Qe2
$13 {Raskhovskij-Kovacevic,S Vrnjacka Banja 1988 45/39}) (6... Bc5 7. N2b3 Be7
8. Qc2 Nc6 9. Bg2 Bb4+ $1 $13 {Ivanov,Se-Yudasin,L Leningrad II 1989 48/40 CBM
15}) 7. Nb5 Qa5 8. Bg2 a6 $1 (8... d5 9. O-O a6 10. Nc3 Ne7 11. Nb3 $14 {
Trifunovic-Ugrinovic Jugoslavia ch 1959}) 9. Nc3 Be7 10. O-O O-O 11. a3 d6 12.
e3 Bd7 13. Qe2 Rac8 14. Rd1 Qc7 15. b3 Rfd8 16. Bb2 Qb8 17. Rac1 Be8 18. h3 {
Ribli} 1/2-1/2

[Event "EU-Cup 18th"]
[Site "Kallithea"]
[Date "2002.09.24"]
[Round "3.2"]
[White "Blagojevic, Dragisa"]
[Black "Akopian, Vladimir Eduardovic"]
[Result "0-1"]
[WhiteElo "2537"]
[BlackElo "2678"]
[Annotator "Ribli,Z"]
[PlyCount "78"]
[EventDate "2002.09.22"]
[EventType "team-swiss"]
[EventRounds "7"]
[EventCountry "GRE"]
[SourceTitle "CBM 092"]
[Source "ChessBase"]
[SourceDate "2003.02.06"]
[SourceVersion "1"]
[SourceVersionDate "2003.02.06"]
[SourceQuality "1"]
[WhiteTeam "Sarajevo Napredak"]
[BlackTeam "Kazan Ladya"]
[WhiteTeamCountry "BIH"]
[BlackTeamCountry "RUS"]

1. d4 Nf6 2. c4 e6 3. g3 c5 {Nach meiner persoenlichen Meinung ist dieser Zug
jetzt stärker als nach 3.Nf3, oder 3.Nc3.} 4. Nf3 {Statt dieser Fortsetzung
fuehrt der Zug 4.d5 zur Benoni-Verteidigung, aber die g3-Variante ist nicht
besonders gefaehrlich fuer Schwarz.} cxd4 5. Nxd4 Bb4+ {Das ist eine sehr gute
Fortsetzung, aber die Alternativen - 5...Qc7, 5...Qb6, 5...Qa5, 5...a6 und 5...
Nc6 sind ebenfalls gut spielbar.} 6. Nd2 {Das ist ein selten gespielte Zug - 6.
Bd2 scheint mir natuerlicher.} (6. Bd2 Qb6) 6... Qb6 (6... Nc6) 7. a3 (7. e3)
7... Bc5 (7... Be7 8. N2f3 a6 9. Bg2 d6 10. O-O O-O 11. h3 Nc6 12. b4 e5 $6 13.
Nxc6 bxc6 14. c5 Qc7 15. cxd6 Bxd6 16. Bb2 a5 17. Rc1 {1-0 Djuric,S-Govedarica,
R/Tivat 1995/CBM 48 ext (40)}) (7... Bxd2+ 8. Qxd2 Nc6 9. e3 O-O 10. b4 Nxd4
11. Qxd4 Qc6 12. Rg1 $11) 8. N2b3 Nc6 (8... Be7 9. Bg2 $14) 9. Nxc5 (9. e3 $5 {
Dieser Zug kommt auch in Betracht.}) 9... Qxc5 10. e3 (10. Nb5 $5 O-O (10...
Ne5 $2 11. Qd6 $16) 11. Be3 Qxc4 12. Nd6 $44) 10... Nxd4 11. Qxd4 Qc6 $11 {
[%cal Gc6h1] Weiss hat das Läuferpaar, aber die schwarze Entwicklung ist
besser und die weissfarbigen Punkte am weissen Koenigsfluegel sind geschwaecht
.} (11... Qxd4 12. exd4 $14) 12. Rg1 d6 (12... d5 13. cxd5 $14) 13. Bg2 Qc7 14.
b3 (14. Bd2 e5 15. Qd3 Be6 16. b3 Rd8 17. e4 Nd7 $11 {[%cal Gd7c5]}) 14... e5
15. Qd3 O-O 16. Bb2 Rd8 {[%cal Gd8d5] Schwarz moechte - nach Vorbereitung -
d6-d5 ziehen.} 17. Kd2 $2 {[%csl Rd2][%mdl 16384] Weiss moechte mit 18.Rgc1
und 19.Ke1 "rochieren", aber das kostet viele Zeit. Ich muss bemerken, als ich
diese Zug gesehen habe, glaubte ich zunächst an einen Fehler in der
Partienotation...} (17. e4 $11) 17... Be6 18. Rgc1 Qe7 {Die Dame verläßt die
c-Linie und bereitet so den Vorstoß d6-d5 vor.} 19. Ke1 (19. e4 b5 20. cxb5 d5
$17) 19... d5 $1 $36 20. cxd5 (20. Bxe5 dxc4 $17) 20... Bxd5 21. Bxd5 Rxd5 22.
Qc4 h5 $1 23. Rd1 (23. Qc7 Qe8 24. Qxb7 Rb8 25. Qc6 Qxc6 26. Rxc6 Rxb3 $15)
23... Rc5 24. Qd3 Ng4 {Auf den ersten Blick scheint es, dass der Springer auf
g4 gefährdet steht, aber Schwarz hat starke taktische Drohungen.} (24... Rac8
25. Qd6 Qe8 $15) 25. h3 (25. f3 Nxh2 26. Qe2 Qg5 27. Qxh2 (27. Kf2 h4 28. Rg1
Nxf3 $19) (27. Qf2 e4 $17) 27... Qxe3+ 28. Kf1 (28. Qe2 Qg1+ 29. Qf1 Qxg3+ 30.
Qf2 Qxf2+ 31. Kxf2 Rc2+ $19) 28... Qxf3+ $17) 25... Nh2 $1 $17 {[%csl Yf3,Gh2]
[%cal Ge5e4][%mdl 128]} 26. e4 (26. Ke2 e4 27. Qd4 Rc2+ 28. Ke1 $4 (28. Rd2
Rxd2+ 29. Qxd2 Nf3 $17) 28... Nf3+ $19) (26. Qe4 Qe6 27. Qg2 Rc2 $17) (26. Qd7
Qxd7 27. Rxd7 Rc2 $17) 26... Qe6 {[%csl Ge6][%cal Ge6h3,Ge6b3]} 27. h4 Qg4 {
[%csl Re1][%cal Rh2f3,Rf3e1] Der weisse Koenig befindet sich in groser Not -
er muss immer mit Nf3+ rechnen.} 28. Rac1 Rac8 29. Rxc5 Rxc5 30. Rc1 Nf3+ 31.
Ke2 $2 (31. Kf1 $1 Rxc1+ (31... Qxe4 $6 32. Qd8+ (32. Qxe4 Nd2+ 33. Ke2 Nxe4
34. Rxc5 Nxc5 35. Bxe5 Nxb3 36. Kd3 $132) 32... Kh7 33. Rxc5 Nh2+ 34. Kg1 $11)
32. Bxc1 Qh3+ 33. Ke2 Nd4+ 34. Kd2 Qg2 35. Qe3 f6 36. Bb2 Ne6 $17) 31... Rxc1
32. Bxc1 Nxh4+ {Auf diese Weise gewinnt Schwarz einfach einen Bauern - Weiss
hat keine Kompensation.} 33. Kf1 Nf3 34. Be3 b6 35. Qd8+ Kh7 36. Qe7 f6 {
Alles ist verteidigt in der schwarzen Stellung; zwar hängt a7P, aber das hat
keine Bedeutung, weil die weisse Dame bei der Verteidigung des Königs fehlen
wird.} 37. Qxa7 Qxe4 38. Qxb6 Qb1+ 39. Ke2 e4 $19 {[%csl Re2] Droht 40...Qe1#
und 40...Qd3#.} 0-1

[Event "Beersheba"]
[Site "Beersheba"]
[Date "1990.??.??"]
[Round "9"]
[White "Smyslov, Vassily V"]
[Black "Greenfeld, Alon"]
[Result "1/2-1/2"]
[WhiteElo "2570"]
[BlackElo "2530"]
[Annotator "Ribli,Z"]
[PlyCount "27"]
[EventDate "1990.03.??"]
[EventType "tourn"]
[EventRounds "9"]
[EventCountry "ISR"]
[EventCategory "13"]
[SourceTitle "CBM 017"]
[Source "ChessBase"]
[SourceDate "1990.08.01"]
[SourceVersion "1"]
[SourceVersionDate "1990.08.01"]
[SourceQuality "1"]

1. d4 Nf6 2. Nf3 e6 3. c4 c5 4. Nc3 cxd4 5. Nxd4 Bb4 6. Bd2 (6. Ndb5 O-O 7. a3
Bxc3+ 8. Nxc3 d5 9. Bg5 Nc6 10. e3 d4 11. exd4 Qxd4 12. Qxd4 Nxd4 13. Bd3 e5
14. O-O h6 15. Bxf6 gxf6 16. f4 Be6 17. Rae1 $16 {Kortschnoj,V-Hjartarson,J/
Tilburg 1989/ 1-0 (34)}) 6... O-O 7. e3 Nc6 8. Be2 d5 9. cxd5 Nxd4 10. exd4
Bxc3 $5 11. bxc3 exd5 {/\ Ne4} 12. f3 (12. Bg5 $5) 12... Ne8 13. O-O Nd6 14.
Qb3 1/2-1/2

[Event "Kecskemet"]
[Site "Kecskemet"]
[Date "1990.??.??"]
[Round "1"]
[White "Stangl, Markus"]
[Black "Tolnai, Tibor"]
[Result "1/2-1/2"]
[WhiteElo "2405"]
[BlackElo "2490"]
[Annotator "Ribli,Z"]
[PlyCount "74"]
[EventDate "1990.06.??"]
[EventType "tourn"]
[EventRounds "13"]
[EventCountry "HUN"]
[EventCategory "8"]
[SourceTitle "CBM 020"]
[Source "ChessBase"]
[SourceDate "1991.02.01"]
[SourceVersion "1"]
[SourceVersionDate "1991.02.01"]
[SourceQuality "1"]

1. Nf3 c5 2. c4 Nf6 3. Nc3 Nc6 4. d4 cxd4 5. Nxd4 Qb6 6. Nb3 e6 7. Bg5 Bb4 8.
Bxf6 gxf6 9. Rc1 Na5 10. e3 Nxb3 11. Qxb3 Bc5 12. Qc2 Qc6 13. a3 f5 14. Nd5 $5
Be7 15. Nxe7 Kxe7 16. c5 b6 17. cxb6 Qxb6 18. Qc5+ Qxc5 19. Rxc5 Bb7 20. Kd2
Rhg8 21. Rg1 Be4 22. g3 a5 23. Bd3 Rgb8 24. Rb1 a4 25. Rc3 Ra5 26. Kc2 h5 27.
b4 axb3+ 28. Rbxb3 Rba8 29. Kb2 h4 30. Rb4 hxg3 31. hxg3 Bc6 32. Rh4 Bd5 33.
Rb4 Bc6 34. Rh4 Rd5 35. Kc1 Rda5 36. Kb2 Rd5 37. Kc1 Rda5 1/2-1/2

[Event "St Petersburg"]
[Site "St Petersburg"]
[Date "1997.04.17"]
[Round "1"]
[White "Komarov, Dimitri"]
[Black "Aseev, Konstantin N"]
[Result "0-1"]
[WhiteElo "2615"]
[BlackElo "2530"]
[Annotator "Ribli,Z"]
[PlyCount "52"]
[EventDate "1997.??.??"]
[EventType "tourn"]
[EventRounds "11"]
[EventCountry "RUS"]
[EventCategory "14"]
[SourceTitle "CBM 059"]
[Source "ChessBase"]
[SourceDate "1997.08.01"]
[SourceVersion "1"]
[SourceVersionDate "1997.08.01"]
[SourceQuality "1"]

1. d4 {Aseev} Nf6 2. c4 e6 3. g3 c5 4. Nf3 {Ich persönlich vertrete die
Auffassung, daß Schwarz keine Eröffnungsprobleme nach diesem Zug befürchten
muß.Ribli.} cxd4 5. Nxd4 a6 6. Nc3 Qc7 7. Bg5 {Mit dem Partiezug opfert Weiß
einen Bauern. Aber auch das solide 7.Qd3 verspricht nichts.Ribli.} (7. Qd3 Nc6
(7... b6 8. Bg2 Bb7 $13) 8. Nxc6 Qxc6 9. e4 b6 10. Bg2 Bb7 11. Bd2 Bc5 12. O-O
O-O 13. Rac1 Ng4 $1 14. Nd1 (14. h3 Ne5 15. Qe2 Nxc4 16. Bf4 a5 17. Kh2 e5 18.
Bg5 h6 19. Bh4 Ba6 20. Rfe1 g5 {0-1 Adianto,U-Rogers,I/Jakarta zt 1987 (31)}) (
14. Qe2 f5 15. b4 Bd4 16. b5 Qc5 17. Na4 Bxf2+ 18. Kh1 Qa3 19. Nc3 Bd4 20. exf5
Bxg2+ 21. Qxg2 Bxc3 22. Rxc3 Qxa2 {0-1 Sosonko,G-Riemersma,L/NLD-ch 1995 (35)})
14... a5 15. h3 Ne5 16. Qc3 Bb4 17. Qc2 Bxd2 18. Qxd2 Qc5 19. Ne3 d6 20. Kh2
Rad8 {1/2-1/2 Olafsson,H-Ljubojevic,L/Wijk 1987}) (7. Bg2 {Aseev} Qxc4 8. O-O (
8. Bg5 Nc6 9. Nb3 Bb4 10. O-O Bxc3 11. bxc3 Ne4 {Lautier,J-Ljubojevic,L/Monaco
blind 1995/EXP 46/0-1 (44)}) 8... Nc6 9. Nxc6 (9. Nb3 Be7 10. Bf4 O-O 11. a3 a5
12. Rc1 a4 13. Nd2 Qa6 {Haroutjunian,D-Kudrin,S/Erevan op 1996/EXP 52/0-1 (45)}
) 9... bxc6 10. Bf4 Qb4 11. e4 Be7 12. a3 Qb7 13. Bd6 Bxd6 14. Qxd6 Qb8 15. Qc5
Qa7 16. Qd6 Qb8 17. Qc5 Qa7 18. Qd6 {1/2-1/2 Dyachkov,S-Aseev,K/RUS-ch 1996/
CBM 56}) 7... Qxc4 $5 8. Rc1 {[%cal Yc1c8]} (8. Bxf6 gxf6 9. Bg2 Nc6 10. Nxc6
bxc6 11. O-O Be7 12. Rc1 Qb4 13. Qd2 Rb8 14. b3 h5 15. Qe3 h4 {0-1
Dzindzichashvili,R-Browne,W/St.Martin op 1991 (41)}) 8... Nc6 (8... Qb4 9. Bg2
(9. a3 {Aseev} Qa5 10. Bxf6 gxf6 11. Bg2 Nc6 12. O-O Be7 13. Qd2 (13. Na4 O-O
14. e3 f5 15. b4 Qe5 16. Nb6 Rb8 17. Nb3 d5 18. Nc5 Qc7 19. Nca4 Qd6 20. f4 Bf6
21. Qc2 Na7 22. Qc5 Be7 23. Qxd6 Bxd6 24. Nc5 Rd8 25. a4 Bc7 {Verat,L-Valenti,
G/Lugano op 1989/TD 89\01/0-1 (64)}) 13... O-O 14. Rfd1 Kh8 15. b4 Qe5 16. Nf3
Qh5 17. Nd4 Rb8 18. Na4 Qe5 19. Nb6 Rd8 20. e4 a5 21. Rc4 axb4 22. axb4 Qd6 {
1/2-1/2 Nedobora,M-Yudasin,L/Ponferrada op 1992/EXT 92op2 (36)}) 9... Nc6 10.
Nxc6 bxc6 11. e4 h6 12. Bd2 Qb8 13. O-O Be7 14. Re1 e5 15. Na4 Qc7 {Teske,
H-Lendwai,R/Vienna op 1996/1-0 (60)}) 9. Nb3 (9. Ncb5 Qb4+ (9... Bb4+ 10. Bd2
$16) (9... axb5 10. Rxc4 bxc4 11. Bg2 {Und Schwarz hat etwas - vielleicht
nicht genügend - Kompensation.Ribli.}) 10. Bd2 axb5 11. Bxb4 Bxb4+ 12. Rc3 Rxa2
13. Qb3 (13. Qb1 $142 $15 {Aseev}) 13... Ra1+ 14. Kd2 Ne4+ 15. Ke3 Nxc3 16.
Nxc6 Nd5+ 17. Kf3 bxc6 18. e4 c5 {0-1 Gauglitz,G-Teske,H/DDR-ch Stralsund 1988}
) 9... Ne4 $5 $146 {[%csl Ge4]} (9... Qb4 10. Bg2 (10. Bxf6 {Aseev} gxf6 11. e4
$44) 10... d5 11. O-O Bd7 12. Bxf6 gxf6 13. Bxd5 Bg7 14. Bg2 f5 15. e4 {
1-0 Hergott,D-Sisniega,M/Linares NL 1992 (38)} (15. e4 Rd8 16. exf5 O-O 17. Qh5
{1-0 Hergott,D-Sisniega,M/Linares NL 1992/EXP 33 (38)})) (9... Be7 10. Bg2 $44)
10. Bg2 {Nach dem Partiezug hat Weiß nichts, ich habe aber auch keinen
besseren Vorschlag. Die schwarze Dame scheint auf den ersten Blick schlecht zu
stehen, aber ich kann in dieser konkreten Stellung nicht sehen, wie Weiß
daraus einen Vorteil ziehen könnte.Ribli.} (10. Nxe4 Qxe4 11. f3 Qg6 $17 (11...
Qe5 $17)) 10... Nxg5 11. h4 Qg4 12. hxg5 Qxg5 $17 {Schwarz hat schon zwei
Bauern mehr und einen klaren Plan, seine Entwicklung zu beenden,während Weiß
einige Zeit benötigt, um Initiative zu entwickeln.Ribli.} 13. Kf1 (13. O-O d5
$17) (13. Ne4 Qd8 (13... Qe7) 14. Nd6+ Bxd6 15. Qxd6 Qe7 $17) 13... d5 (13...
Qd8 {Aseev}) 14. e4 {Es sei gut oder schlecht, es ist das Einzige, was Weiß
noch probieren kann.Ribli.} d4 15. Rh5 (15. Nxd4 $4 Nxd4 16. Qxd4 Qxc1+) (15.
Ne2 {Aseev} e5 16. f4 Qf6 $5 $19) 15... Qd8 16. Nd5 $8 {Das ist ein
klassisches Beispiel für "passive Opfer", bei denen die Annahme des Opfers
nicht erzwungen ist.Ribli.} (16. Ne2 g6 {Und nach dem folgendem 17...Bg7 steht
Schwarz überzeugend.Ribli.}) 16... g6 (16... exd5 17. exd5 Ne7 18. Qxd4 $15 {
Die weiße Initiative in dieser Variante ist nicht ausreichend, die
Partiefortsetzung ist aber noch viel besser für Schwarz.Ribli.}) 17. Nxd4 gxh5
18. Nxc6 (18. Rxc6 {Aseev} exd5 $1 $19) 18... bxc6 19. Qd4 cxd5 20. Qxh8 Bb7
$19 {Schwarz hat eine gesunde Mehrfigur. Weiß hat keinerlei Kompensation.} 21.
Rd1 Qb6 22. exd5 Rd8 {Das ist noch sicherer als 22...0-0-0.} 23. Qxh7 Bxd5 24.
Qxh5 (24. Bxd5 Qb5+ $19) 24... Bxg2+ 25. Kxg2 Rxd1 26. Qxd1 Qxb2 {Und Weiß gab
auf. Schwarz hat diese Partie schon in der Eröffnung gewonnen.Ribli.} (26...
Qxb2 27. Qa4+ Qb5 $19) 0-1